KOHA-Header-6

Oxford School Shakespeare Julius Caesar (Record no. 9676)

000 -LEADER
fixed length control field 00276nam a2200109Ia 4500
100 ## - MAIN ENTRY--AUTHOR NAME
Personal name Roma Gill
245 #0 - TITLE STATEMENT
Title Oxford School Shakespeare Julius Caesar
260 ## - PUBLICATION, DISTRIBUTION, ETC. (IMPRINT)
Place of publication Canada
Name of publisher Tata McGraw Hill
Year of publication 2011
300 ## - PHYSICAL DESCRIPTION
Number of Pages 394
942 ## - ADDED ENTRY ELEMENTS (KOHA)
Koha item type Books
Holdings
Withdrawn status Lost status Collection code Permanent Location Current Location Shelving location Date acquired Full call number Accession Number Koha item type
      MAJU MAJU Shelf No.A23 2019-09-14 658.84 5579 English Literature

Powered by Koha